000 00684nam a2200289Ia 4500
005 20260324144510.0
008 008 260324s9999 xx 000 0 eng d
020 _a9780429043017
037 _aEBOOK
040 _aCRL
040 _beng
040 _cCRL
041 _2eng
041 _aeng
084 _qCRL
100 _aHerbert J. Ellison
_91219545
245 0 _aJapan And The Pacific Quadrille
245 4 _bThe Major Powers In East Asia
260 _bTaylor and Francis
260 _c1987
365 _a
365 _b230
856 _uhttp://www.taylorfrancis.com/books/9780429043017
942 _cEBOOK
999 _c1826232
_d1826232